| 000 | 00635nam a2200217 4500 | ||
|---|---|---|---|
| 003 | OSt | ||
| 005 | 20240621014545.0 | ||
| 006 | a | ||
| 008 | 240621b |||||||| |||| 00| 0 eng d | ||
| 020 | _a069620990 | ||
| 040 |
_aDWCL-Main lib. _cOC |
||
| 082 | _aCirc. 684.16 S827 2000 | ||
| 245 | _aStep-by-step cabinets and shelves / | ||
| 260 |
_aDes Moines, Iowa : _bBetter Homes & Gardens, _cc2000. |
||
| 300 |
_b112 pages : color illustrations ; _c27 cm. |
||
| 504 | _aIndex: pp. 110-112. | ||
| 650 | _a1. Cabinetwork. | ||
| 650 | _a2. Shelving (Furniture). | ||
| 700 | _aeditor, Paula Marshall | ||
| 942 |
_2ddc _n0 _cBK-CIRC _kCirc. |
||
| 999 |
_c1037 _d1037 |
||